| 000 | 01115cmb a2200313 a 4500 | ||
|---|---|---|---|
| 003 | CHAP | ||
| 005 | 20220329142738.0 | ||
| 008 | 030507u2000 mx a f ba 10 spa d | ||
| 010 | _a87169 | ||
| 011 | _a88141 | ||
| 035 | _a98686 | ||
| 040 | _cCHAP | ||
| 090 | _aCD-122 | ||
| 111 | 0 | 0 |
_aSimposium Internacional la Producción Animal y los Recursos Naturales Bajo Condiciones de Sequia _d(2002 : _cChihuahua, Chih.) _9106456 |
| 245 | 1 | 3 |
_aMemorias (disco compacto) _c/por Universidad Autónoma de Chihuahua |
| 260 |
_aChihuahua, Chih. ; _bFacultad de Zootecnia, _c2002. |
||
| 300 |
_a1 disco compacto _c4 3/4 plgs. |
||
| 590 |
_aBATCH-UPD _b10 _c20130110 _lUCH01 _h0812 |
||
| 590 |
_aBATCH-UPD _b10 _c20130410 _lUCH01 _h0449 |
||
| 590 |
_aBATCH-UPD _b10 _c20130914 _lUCH01 _h1505 |
||
| 590 |
_aCONVERSION _b10 _c20130109 _lUCH01 _h1348 |
||
| 650 | 1 | 4 |
_aGanado _xProducción _xCongresos. _944947 |
| 650 | 1 | 4 |
_aRecursos naturales _xConservación _xCongresos. _995232 |
| 650 | 1 | 4 |
_aSequías. _9104511 |
| 901 | _aCF | ||
| 905 | _aMayto Villalobos S. | ||
| 942 | _cCD | ||
| 949 |
_aCD-122 _bBC _cCD _d33724000891115 _eCD _i98686 _sb |
||
| 999 |
_c87169 _d87169 |
||